Acuerdo de unión civil
Uloženo v:
| Hlavní autor: | |
|---|---|
| Médium: | Kniha |
| Jazyk: | španělština |
| Vydáno: |
Santiago
Thomson Reuters
2017
|
| Vydání: | 1a. ed |
| Edice: | Monografías
|
| Témata: | |
| Tagy: |
Přidat tag
Žádné tagy, Buďte první, kdo vytvoří štítek k tomuto záznamu!
|
MARC
| LEADER | 00000cam a2200000 a 4500 | ||
|---|---|---|---|
| 001 | UCD9259 | ||
| 003 | CL-VaPUC | ||
| 008 | 170609e20170500cl |||||||||||||||||spa|d | ||
| 020 | |a 9789563468847 | ||
| 082 | 0 | 4 | |a 346.016 |b GON |2 21 |
| 100 | |a González Castillo, Joel |e author |9 739861 | ||
| 245 | 1 | 0 | |a Acuerdo de unión civil |
| 250 | |a 1a. ed | ||
| 300 | |a 182 p | ||
| 942 | |c BK | ||
| 945 | |d 20170609 16:51:00 |a arojas | ||
| 260 | |a Santiago |b Thomson Reuters |c 2017 | ||
| 650 | 0 | |a Derecho privado |9 258243 | |
| 650 | 7 | |a MATRIMONIO CIVL |2 CL-VaPUC |9 592964 | |
| 650 | 0 | |a Acuerdos |9 367387 | |
| 650 | 0 | |a Homosexualidad |9 255614 | |
| 650 | 0 | |a Familias |9 255641 | |
| 583 | |a last modification |c 20170609 16:51:00 |k Rodrigo Vera | ||
| 490 | 0 | |a Monografías | |
| 999 | |c 368500 |d 368498 | ||
| 952 | |0 0 |1 0 |3 erb |4 0 |6 346_016000000000000_GON_2017 |7 0 |8 A |9 483834 |a BIBDER |b BIBDER |i 5395828 |o 346.016 GON 2017 |p 5395828 |r 2023-01-25 |w 2019-11-24 |y BK |z Catalogado en:20170609 |k DER | ||
| 952 | |0 0 |1 0 |3 erb |4 0 |6 346_016000000000000_GON_2017 |7 0 |8 A |9 483835 |a BIBGIM |b BIBGIM |i 543842K |o 346.016 GON 2017 |p 543842K |r 2025-01-15 |w 2019-11-24 |y BK |z Catalogado en:20171124 |k SSL | ||